30-和歌山県の市町村クイズ(1999年) - Statistics

General Stats
  • This quiz has been taken 144 times
  • The average score is 35 of 50
Answers on the Map
Answers color-coded by a green-red scale on the quiz's map according to % correct below.
 
Answer Stats
Answer % Correct
橋本はしもと
92%
和歌山わかやま
92%
北山きたやまむら
90%
岩出いわでちょう
87%
かつらぎちょう
87%
九度山くどやまちょう
87%
高野こうやちょう
87%
那智勝浦なちかつうらちょう
87%
有田ありだ
85%
海南かいなん
85%
串本くしもとちょう
85%
太地たいじちょう
85%
印南いなみちょう
83%
古座川こざがわちょう
83%
御坊ごぼう
83%
白浜しらはまちょう
83%
田辺たなべ
83%
上富田かみとんだちょう
81%
高野口こうやぐちちょう
81%
すさみちょう
81%
新宮しんぐう
79%
美浜みはまちょう
79%
湯浅ゆあさちょう
79%
古座こざちょう
77%
日高ひだかちょう
73%
広川ひろがわちょう
73%
南部みなべちょう
73%
由良ゆらちょう
71%
南部川みなべがわむら
69%
粉河こかわちょう
67%
貴志川きしがわちょう
65%
打田うちたちょう
63%
熊野川くまのがわちょう
62%
龍神りゅうじんむら
60%
下津しもつちょう
58%
花園はなぞのむら
58%
金屋かなやちょう
56%
日置川ひきがわちょう
56%
本宮ほんぐうちょう
56%
中辺路なかへちちょう
52%
美里みさとちょう
52%
大塔おおとうむら
50%
川辺かわべちょう
50%
那賀ながちょう
50%
野上のかみちょう
50%
桃山ももやまちょう
48%
吉備きびちょう
46%
美山みやまむら
40%
清水しみずちょう
38%
中津なかつむら
37%
No matching quizzes found
Score Distribution
Percent of People with Each Score
Percentile by Number Answered
Your Score History
You have not taken this quiz